export_success — 

Overcoming knowledge sharing barriers through communities of practice empirical evidence from a big automotive supplier /

Bibliographic Details
Main Author: Filieri, Raffaele.
Corporate Author: ProQuest (Firm)
Format: Electronic eBook
Language:English
Published: Newcastle upon Tyne : Cambridge Scholars Pub., 2010.
Subjects:
Online Access:Click to View
LEADER 01387nam a2200361Ia 4500
001 EBC1133153
003 MiAaPQ
005 20200520144314.0
006 m o d |
007 cr cn|||||||||
008 100429s2010 enka sb 000 0 eng d
010 |z  2011459060 
020 |z 1443820695 (hbk.) 
020 |z 9781443820691 (hbk.) 
020 |z 9781443820967 
035 |a (MiAaPQ)EBC1133153 
035 |a (Au-PeEL)EBL1133153 
035 |a (CaPaEBR)ebr10677177 
035 |a (CaONFJC)MIL319265 
035 |a (OCoLC)830167701 
040 |a MiAaPQ  |c MiAaPQ  |d MiAaPQ 
050 4 |a HD30.2  |b .F55 2010 
100 1 |a Filieri, Raffaele. 
245 1 0 |a Overcoming knowledge sharing barriers through communities of practice  |h [electronic resource] :  |b empirical evidence from a big automotive supplier /  |c by Raffaele Filieri. 
260 |a Newcastle upon Tyne :  |b Cambridge Scholars Pub.,  |c 2010. 
300 |a xi, 170 p. :  |b ill. 
504 |a Includes bibliographical references (p. [153]-167). 
533 |a Electronic reproduction. Ann Arbor, MI : ProQuest, 2015. Available via World Wide Web. Access may be limited to ProQuest affiliated libraries. 
650 0 |a Knowledge management. 
650 0 |a Business networks. 
655 4 |a Electronic books. 
710 2 |a ProQuest (Firm) 
856 4 0 |u https://ebookcentral.proquest.com/lib/matrademy/detail.action?docID=1133153  |z Click to View